Quiz Chimie/Biologie - Statistiques

Statistiques générales
  • Ce quiz a été pris 74 fois
    45 depuis la dernière actualisation
  • Le résultat moyen est 6 sur 10
Statistiques - réponses
Question Réponse % Correct
Quel est le processus bioénergétique qui permet à des organismes de biosynthétiser de la matière organique en utilisant l'énergie lumineuse, l'eau et le dioxyde de carbon ? La Photosynthèse
92%
Comment on fait du sel ? Cl(-) + Na(+)
90%
La division cellulaire se fait en combien de phase ? 4
64%
De quoi n'est pas composé l'ADN ? Thynine
62%
Comment obtenons nous le coefficient de dilution ?
51%
Quelle masse atomique (ou masse molaire) des éléments suivant est la plus grande ? Oxygène
51%
Quel type n'est pas un organisme ? Cellite
46%
Quel est le 76e élément du tableau périodique des éléments ? Osmium
36%
Que représente le nombre d'Avogadro ? (j'adore ce nombre) Le nombre de molécules dans une mole
33%
Un oignon au microscope ressemble à autre chose, quoi donc ? Un mur de briques
33%
Aucun quiz correspondant
Distribution des résultats
% des personnes avec chaque résultat
Percentile par nombre de réponses
Votre historique - résultats
Vous n’avez pas pris ce quiz depuis la dernière actualisation